000 00631nam a22002177a 4500
999 _c11464
_d11464
003 AR-CdUCM
008 190404b ||||| |||| 00| 0 spa d
040 _aMUNICIPALIDAD PROVINCIAL DEL CUSCO
_cBIBLIOTECA MUNICIPAL DEL CUSCO
082 _aC / 869.56 /
_bC35A
100 _aCastro L., Arturo
_928841
245 _aAlba /
260 _aCusco :
_bTalls. Chaski,
_c1949.
300 _a44 páginas ;
_c16 cm.
500 _aDedicatoria a Luis Nieto.
505 _aContenido: Poemas.
650 _aPoemas Cusqueños
_917375
650 _aLiteratura Peruana
_9132
650 _aSiglo XX
_98
942 _2ddc
_cLIBROS
945 _aachl